| 000 | 01611cam a22002054a 4500 | ||
|---|---|---|---|
| 005 | 20250605163936.0 | ||
| 008 | 250528s ||||||||||||||||||||||||d | ||
| 035 | _a14872 | ||
| 020 | _a719035562 | ||
| 040 |
_aGR-AtMCL _bgre _dGR-AtMCL _eAACR2 |
||
| 245 | 1 | _aΠολιτιστική Πολιτική και Αναζωογόνηση των Πόλεων / Η Εμπειρία της Δυτικής Ευρώπης | |
| 260 |
_bΕ.Ε.Τ.Α.Α, _c1994 |
||
| 300 | _a208 | ||
| 520 | _aΗ Ανάπλαση των Ευρωπαϊκών Πόλεων, Δείτε τη Γλασκώβη και τον Πολιτισμό της, Ρόττερνταμ: Ανασχεδιάζοντας τον Δημόσιο Χώρο, Μπιλμπάο: Πολιτισμός και Πολίτες και Ποιότητα Ζωής, Μπολόνια: Ένα Εργαστήρι για Πολιτιστική Δραστηριότητα, Αμβούργο: Πολιτισμός και Ανταγωνισμός Μεταξύ Πόλεων, Μομπελιέ: Διεθνής Ανταγωνισμός και Πρόσβαση της Κοινότητας, Λίβερπουλ: Μια Ιστορία Χαμένων Ευκαιριών, Ρέν: Καθολικός Ανθρωπισμός και Αστική Επιχειρηματικότητα, Πολιτισμός και Σύγκρουση και Πόλεις: Ζητήματα και Προοπτικές για τη Δεκαετία του 1990. | ||
| 700 | 1 |
_aΜπιανκίκι Φράνκο _9656 |
|
| 700 | 1 |
_aΠάρκινσον Μάικλ _9657 |
|
| 942 | _cBK | ||
| 999 |
_c483 _d483 |
||